La cultura del consumo /

La sociedad actual suele caracterizarse como "sociedad de consumo", por cuanto el consumo abarca la totalidad de los espacios de la vida de las personas, configurando, incluso, una cultura del consumo. El presente ensayo aborda este fenómeno desde una perspectiva sociológica, psicológica,...

Fuld beskrivelse

Guardado en:
Bibliografiske detaljer
Hovedforfatter: Zamora, José Antonio
Format: Texto
Fag:
Tags: Tilføj Tag
Ingen Tags, Vær først til at tagge denne postø!

MARC

LEADER 00000 a a2200000 04500
001 13287
003
040
100 |a Zamora, José Antonio  
245 |a La cultura del consumo /  |c José Antonio Zamora 
520 |a La sociedad actual suele caracterizarse como "sociedad de consumo", por cuanto el consumo abarca la totalidad de los espacios de la vida de las personas, configurando, incluso, una cultura del consumo. El presente ensayo aborda este fenómeno desde una perspectiva sociológica, psicológica, antropológica y ética  
650 |a CONSUMO  
650 |a CULTURA  
650 |a TEORIA  
650 |a ASPECTOS SOCIALES  
650 |a ASPECTOS PSICOLOGICOS  
773 |g número 114; páginas 513-553  
999 |c 21509  |d 21509